| 000 | 02261cam a22005054i 4500 | ||
|---|---|---|---|
| 003 | PE-LiUPU | ||
| 005 | 20250731165604.0 | ||
| 008 | 150706s r 000 0 d | ||
| 020 | _a8479786248 | ||
| 035 | _a(Sirsi) i9788479786243 | ||
| 040 |
_aPE-LiUPU _bspa _cPE-LiUPU _erda |
||
| 049 | _aPRUA | ||
| 082 | 0 | 4 |
_a001.891 _bC39 _221 |
| 100 | 1 |
_aCegarra Sánchez, José, _eautor. |
|
| 245 | 1 | 0 |
_aMetodología de la investigación científica y tecnológica / _cJosé Cegarra Sánchez. |
| 264 | 1 |
_aMadrid : _bDíaz de Santos, _c2004. |
|
| 300 |
_a355 páginas : _bilustraciones ; _c24 centímetros |
||
| 336 |
_atext _2rdacontent |
||
| 337 |
_aunmediated _2rdamedia |
||
| 338 |
_avolume _2rdacarrier |
||
| 500 | _aEn la cub.: ISE, Instituto Superior de la Energía. | ||
| 505 | 0 | _aLa ciencia -- La tecnología -- La investigación científica y tecnológica -- El investigador y sus características -- Los métodos de la investigación -- Un método general de investigación -- La investigación en la industria -- La creatividad en la investigación -- La difusión de la investigación -- La comunicación en la innovación tecnológica -- Evaluación de la eficiencia de la investigación -- Control de los proyectos de investigación -- Estructuras de investigación y de innovación -- Actualidad y perspectiva científica -- Actualidad y Previsión tecnológica. | |
| 526 | _aSEG44 | ||
| 526 | _aSEG26 | ||
| 526 | _aP151 | ||
| 526 | _aP150 | ||
| 526 | _aP149 | ||
| 526 | _aP146 | ||
| 526 | _aP145 | ||
| 526 | _aP126 | ||
| 526 | _aP125 | ||
| 526 | _aP92 | ||
| 526 | _aP75 | ||
| 526 | _aP74 | ||
| 526 | _aP27 | ||
| 526 | _aP15 | ||
| 541 | _g0030-0005438; | ||
| 650 | 0 | 4 |
_aInvestigación _xMetodología . |
| 910 |
_blch _clch _d20090602 |
||
| 942 |
_2ddc _cBOOK |
||
| 949 |
_a001.891 C39 _wDEWEY _c1 _i59670 _lCCODEBUL1 _mBUL _p81.00 _r0 _sY _tBOOK _u2015-7-6 _xINGENIERIA _PP27 _0COMPRA _o.STAFF. Colección General |
||
| 994 |
_aC0 _bPEPRU |
||
| 596 | _a1 | ||
| 999 |
_a001.891 C39 _wDEWEY _c49221 _i59670 _d49221 _e2018-12-30 _f2021-11-4 _g7 _lCCODEBUL1 _mBUL _n1 _p81.00 _q1 _r0 _sY _tBOOK _u2015-7-6 _xBIBLIOTECA _PP27 _0COMPRA _o.STAFF. Colección General |
||
| 980 |
_81 _gALBERTO SANCHEZ Responsable de Automatización |
||